| 000 | 06224cam a22019334i 4500 | ||
|---|---|---|---|
| 003 | PE-LiUPU | ||
| 005 | 20250813165339.0 | ||
| 008 | 130123m2012 sp a r 000 0 spa d | ||
| 020 | _a8492970464 | ||
| 020 | _a9788492970469 | ||
| 035 | _a(Sirsi) i9788492970469 | ||
| 040 |
_aPE-LiUPU _bspa _cPE-LiUPU _erda |
||
| 049 | _aPRUA | ||
| 082 |
_a620.112 _bH46 _220 |
||
| 082 | 0 | 4 |
_a624.042 _bH46 1 2012 |
| 100 | 1 |
_aHerrera Navarro, Ignacio, _eautor. |
|
| 245 | 1 | 0 |
_aResistencia de materiales / _cIgnacio Herrera Navarro. |
| 250 | _aSegunda edición. | ||
| 264 | 1 |
_aMadrid : _bBellisco, _c2012. |
|
| 300 |
_a343 páginas : _bilustraciones ; _c24 centímetros |
||
| 336 |
_atext _2rdacontent |
||
| 337 |
_aunmediated _2rdamedia |
||
| 338 |
_avolume _2rdacarrier |
||
| 490 | 0 |
_aBiblioteca técnica universitaria. Sección estructuras ; _v15 |
|
| 505 | _aIntroducción -- Aislamiento, equilibrio y subdominios -- Tensiones -- Propiedades de la tensión -- Deformación, desplazamiento y compatibilidad -- Leyes de comportamiento -- Potencial interno y teorema de castigliano -- plantemaiento y formulación del problema elástico -- Límites de la elasticidad -- Equilibrio y compatibilidad de barras -- Cálculo de desplazamientos e hiperestaticidad de barras -- Acciones y seguridad estructural. | ||
| 526 | _aP203 | ||
| 526 | _aP200 | ||
| 526 | _aSEG65 | ||
| 526 | _aSEG64 | ||
| 526 | _aSEG63 | ||
| 526 | _aSEG62 | ||
| 526 | _aSEG61 | ||
| 526 | _aSEG60 | ||
| 526 | _aSEG59 | ||
| 526 | _aSEG58 | ||
| 526 | _aSEG57 | ||
| 526 | _aSEG56 | ||
| 526 | _aSEG55 | ||
| 526 | _aSEG54 | ||
| 526 | _aSEG53 | ||
| 526 | _aSEG52 | ||
| 526 | _aSEG51 | ||
| 526 | _aSEG50 | ||
| 526 | _aSEG49 | ||
| 526 | _aSEG48 | ||
| 526 | _aSEG47 | ||
| 526 | _aSEG46 | ||
| 526 | _aSEG24 | ||
| 526 | _aSEG23 | ||
| 526 | _aSEG22 | ||
| 526 | _aSEG21 | ||
| 526 | _aSEG20 | ||
| 526 | _aSEG19 | ||
| 526 | _aSEG18 | ||
| 526 | _aSEG17 | ||
| 526 | _aSEG16 | ||
| 526 | _aSEG14 | ||
| 526 | _aSEG13 | ||
| 526 | _aSEG12 | ||
| 526 | _aSEG11 | ||
| 526 | _aSEG10 | ||
| 526 | _aSEG09 | ||
| 526 | _aSEG06 | ||
| 526 | _aSEG05 | ||
| 526 | _aSEG04 | ||
| 526 | _aSEG03 | ||
| 526 | _aSEG02 | ||
| 526 | _aSEG68 | ||
| 526 | _aSEG66 | ||
| 526 | _aSEG45 | ||
| 526 | _aSEG25 | ||
| 526 | _aSEG01 | ||
| 526 | _aP163 | ||
| 526 | _aP162 | ||
| 526 | _aP161 | ||
| 526 | _aP160 | ||
| 526 | _aP159 | ||
| 526 | _aP158 | ||
| 526 | _aP157 | ||
| 526 | _aP156 | ||
| 526 | _aP155 | ||
| 526 | _aP154 | ||
| 526 | _aP153 | ||
| 526 | _aP152 | ||
| 526 | _aP151 | ||
| 526 | _aP150 | ||
| 526 | _aP149 | ||
| 526 | _aP142 | ||
| 526 | _aP141 | ||
| 526 | _aP140 | ||
| 526 | _aP139 | ||
| 526 | _aP138 | ||
| 526 | _aP137 | ||
| 526 | _aP132 | ||
| 526 | _aP131 | ||
| 526 | _aP130 | ||
| 526 | _aP126 | ||
| 526 | _aP125 | ||
| 526 | _aP124 | ||
| 526 | _aP123 | ||
| 526 | _aP115 | ||
| 526 | _aP122 | ||
| 526 | _aP121 | ||
| 526 | _aP116 | ||
| 526 | _a P114 | ||
| 526 | _aP112 | ||
| 526 | _aP111 | ||
| 526 | _aP104 | ||
| 526 | _aP103 | ||
| 526 | _aP102 | ||
| 526 | _aP101 | ||
| 526 | _aP100 | ||
| 526 | _aP96 | ||
| 526 | _aP95 | ||
| 526 | _aP93 | ||
| 526 | _aP92 | ||
| 526 | _aP91 | ||
| 526 | _aP88 | ||
| 526 | _aP83 | ||
| 526 | _aP82 | ||
| 526 | _aP79 | ||
| 526 | _aP78 | ||
| 526 | _aP75 | ||
| 526 | _aP74 | ||
| 526 | _aP71 | ||
| 526 | _aP69 | ||
| 526 | _a P51 | ||
| 526 | _aP49 | ||
| 526 | _aP48 | ||
| 526 | _aP47 | ||
| 526 | _aP33 | ||
| 526 | _aP31 | ||
| 526 | _a P30 | ||
| 526 | _aP29 | ||
| 526 | _aP27 | ||
| 526 | _aP26 | ||
| 526 | _aP25 | ||
| 526 | _aP24 | ||
| 526 | _a P22 | ||
| 526 | _aP10 | ||
| 526 | _aP09 | ||
| 526 | _a P08 | ||
| 526 | _aP06 | ||
| 526 | _aP05 | ||
| 526 | _aP04 | ||
| 526 | _aP01 | ||
| 541 | _g044-0022970; | ||
| 910 |
_jck _bhop _chop _d20160517 |
||
| 942 |
_2ddc _cBOOK |
||
| 949 |
_a620.112 H46 1 _wDEWEY _c1 _iFJ00420 _lCCODEBUJ1 _mBUJ _p130.00 _r0 _sY _tBOOK _u2016-6-15 _xINGENIERIA _PP25 _0COMPRA _o.STAFF. Colección General Juliaca |
||
| 949 |
_a620.112 H46 1 _wDEWEY _c1 _iFJ07112 _lCCODEBUJ1 _mBUJ _p21.00 _r0 _sY _tBOOK _u2016-6-15 _xINGENIERIA _PP25 _0COMPRA _o.STAFF. Colección General Juliaca |
||
| 949 |
_a620.112 H46 _wDEWEY _c1 _i72995 _lCCODEBUL1 _mBUL _p107.25 _r0 _sY _tBOOK _u2016-5-17 _xINGENIERIA _PP25 _0COMPRA _o.CIRCNOTE. El documento es de alto precio. _o.STAFF. Colección General |
||
| 949 |
_a620.112 H46 _wDEWEY _c2 _i72996 _lCCODEBUL1 _mBUL _p107.25 _r0 _sY _tBOOK _u2016-5-17 _xINGENIERIA _PP25 _0COMPRA _o.CIRCNOTE. El documento es de alto precio. _o.STAFF. Colección General |
||
| 949 |
_a620.112 H46 _wDEWEY _c3 _i72997 _lCCODEBUL1 _mBUL _p107.25 _r0 _sY _tBOOK _u2016-5-17 _xINGENIERIA _PP25 _0COMPRA _o.CIRCNOTE. El documento es de alto precio. _o.STAFF. Colección General |
||
| 994 |
_aC0 _bPEPRU |
||
| 596 | _a1 3 | ||
| 999 |
_a620.112 H46 _wDEWEY _c9375 _i72995 _d9375 _e2019-5-3 _f2021-11-9 _g7 _lCCODEBUL1 _mBUL _n3 _p107.25 _q1 _r0 _sY _tBOOK _u2016-5-17 _xINGENIERIA _PP25 _0COMPRA _o.CIRCNOTE. El documento es de alto precio. _o.STAFF. Colección General |
||
| 999 |
_a620.112 H46 _wDEWEY _c2 _i72996 _d2022-6-6 _f2021-11-9 _g7 _lCCODEBUL1 _mBUL _p107.25 _q6 _r0 _sY _tBOOK _u2016-5-17 _xINGENIERIA _PP25 _0COMPRA _o.CIRCNOTE. El documento es de alto precio. _o.STAFF. Colección General |
||
| 999 |
_a620.112 H46 _wDEWEY _c3 _i72997 _d2022-6-6 _e2022-6-3 _f2021-11-9 _g7 _lCCODEBUL1 _mBUL _n2 _p107.25 _q4 _r0 _sY _tBOOK _u2016-5-17 _xINGENIERIA _PP25 _0COMPRA _o.CIRCNOTE. El documento es de alto precio. _o.STAFF. Colección General |
||
| 999 |
_a624.042 H46 1 2012 _wDEWEY _c1 _iFJ00420 _d2019-8-27 _e2019-5-17 _f2022-1-26 _g8 _lCCODEBUJ1 _mBUJ _n10 _p130.00 _q21 _r0 _sY _tBOOK _u2016-6-15 _xINGENIERIA _PP25 _0COMPRA _o.STAFF. Colección General Juliaca |
||
| 999 |
_a624.042 H46 1 2012 _wDEWEY _c2 _iFJ07112 _d2019-8-27 _e2019-3-25 _f2022-1-26 _g4 _lCCODEBUJ1 _mBUJ _n2 _p130.00 _q5 _r0 _sY _tBOOK _u2017-2-23 _xINGENIERIA _PP25 _0COMPRA _o.STAFF. Colección General Juliaca |
||
| 980 |
_81 _gALBERTO SANCHEZ Responsable de Automatización |
||